[Event "MCR senioru 2018 nad 60 let"]
[Site "Pelclovo divadlo Rychnov nad Kneznou, Panska ulice"]
[Date "2018.07.28"]
[Round "1"]
[White "Shilov, Sergej"]
[Black "Tsapanidis, Vasilis"]
[Result "1-0"]
[WhiteElo "2199"]
[BlackElo "1836"]
[EventDate "2018.07.28"]
[PlyCount "67"]

1. e4 c5 2. Nf3 Nc6 3. c3 g6 4. d4 cxd4 5. cxd4 Bg7 6. d5 Ne5 7. Nd4 d6 8. Be2
Nf6 9. Nc3 O-O 10. O-O a6 11. f4 Ned7 12. Be3 b5 13. Nc6 Qe8 14. e5 dxe5 15.
fxe5 Nh5 16. g4 Nxe5 17. Nxe5 Ng3 18. hxg3 Bxe5 19. Bh6 Qd8 20. Bxf8 Kxf8 21.
Kg2 Qc7 22. Rc1 Qd7 23. Bf3 Rb8 24. Qe2 f6 25. Ne4 h5 26. Nc5 Qd6 27. gxh5 g5
28. Ne4 Qd7 29. Nxg5 Kg8 30. Rh1 Qf5 31. Ne4 Bb7 32. Bg4 Qh7 33. Be6+ Kh8 34.
Ng5 1-0

[Event "MCR senioru 2018 nad 60 let"]
[Site "Pelclovo divadlo Rychnov nad K"]
[Date "2018.07.28"]
[Round "1"]
[White "Wiedermann, Jan"]
[Black "Gibiec, Ernest"]
[Result "0-1"]
[WhiteElo "1833"]
[BlackElo "2175"]
[PlyCount "58"]
[EventDate "2018.07.28"]

1. d4 d5 2. Nf3 Nf6 3. e3 Bg4 4. Nbd2 e6 5. Bd3 c5 6. c3 Nc6 7. Qa4 Nd7 8. Bb5
Qc7 9. Bxc6 bxc6 10. dxc5 Bxf3 11. Nxf3 Nxc5 12. Qh4 f6 13. O-O Bd6 14. g3 O-O
15. Qg4 f5 16. Qh5 Rf6 17. Nd4 Raf8 18. b4 Ne4 19. Bb2 e5 20. Nb3 f4 21. exf4
exf4 22. c4 Rh6 23. Qg4 Rg6 24. Qh5 dxc4 25. Nc5 Bxc5 26. bxc5 c3 27. Bc1 Qf7
28. Qe5 fxg3 29. Qxe4 gxf2+ 0-1

[Event "MCR senioru 2018 nad 60 let"]
[Site "Pelclovo divadlo Rychnov nad K"]
[Date "2018.07.28"]
[Round "1"]
[White "Mlynek, Petr"]
[Black "Koci, Ladislav"]
[Result "0-1"]
[WhiteElo "2120"]
[BlackElo "1832"]
[PlyCount "58"]
[EventDate "2018.07.28"]

1. d4 Nf6 2. c4 g6 3. Nf3 Bg7 4. g3 O-O 5. Bg2 d6 6. O-O Nbd7 7. Nc3 e5 8. e4
c6 9. h3 Re8 10. Be3 Nh5 11. Qc2 Qc7 12. Rad1 a6 13. a4 Bf8 14. Rd2 Ng7 15. Bh6
Ne6 16. Bxf8 Rxf8 17. Rfd1 f5 18. d5 Nd4 19. Nxd4 exd4 20. Rxd4 c5 21. R4d2 Ne5
22. Ne2 fxe4 23. Qxe4 Bf5 24. Qh4 Qg7 25. g4 Bd7 26. b3 Nf3+ 27. Bxf3 Rxf3 28.
Rd3 g5 29. Qh5 Rxd3 0-1

[Event "MCR senioru 2018 nad 60 let"]
[Site "Pelclovo divadlo Rychnov nad K"]
[Date "2018.07.28"]
[Round "1"]
[White "Kolek, Josef"]
[Black "Vavruska, Antonin"]
[Result "0-1"]
[WhiteElo "1817"]
[BlackElo "2044"]
[PlyCount "24"]
[EventDate "2018.07.28"]

1. e4 d5 2. exd5 Qxd5 3. Nc3 Qa5 4. d4 Nf6 5. Nf3 Bg4 6. Be2 Nc6 7. O-O O-O-O
8. Be3 e5 9. d5 Nxd5 10. Nxd5 Rxd5 11. Qc1 Bc5 12. Bd2 Rxd2 0-1

[Event "MCR senioru 2018 nad 60 let"]
[Site "Pelclovo divadlo Rychnov nad K"]
[Date "2018.07.28"]
[Round "1"]
[White "Pospisil, Evzen"]
[Black "Lexa, Vaclav"]
[Result "1-0"]
[WhiteElo "2043"]
[BlackElo "1815"]
[PlyCount "51"]
[EventDate "2018.07.28"]

1. d4 d5 2. Nf3 Nf6 3. c4 e6 4. g3 b6 5. Bg2 Bb7 6. O-O dxc4 7. Qa4+ Nbd7 8.
Qxc4 Bd6 9. Nc3 O-O 10. Rd1 Qe7 11. Nb5 a6 12. Nxd6 cxd6 13. Qc7 Bd5 14. Bf4
Ne4 15. Rac1 Rfd8 16. Nd2 Nxd2 17. Bxd5 exd5 18. Rxd2 Qe8 19. Qxd6 Nf6 20. Qxb6
Ne4 21. Rdc2 g5 22. Be5 Qf8 23. f3 Nd6 24. b3 f6 25. Bxd6 Rxd6 26. Rc6 1-0

[Event "MCR senioru 2018 nad 60 let"]
[Site "Pelclovo divadlo Rychnov nad K"]
[Date "2018.07.28"]
[Round "1"]
[White "Pittermann, Jan"]
[Black "Novotny, Josef"]
[Result "1-0"]
[WhiteElo "1801"]
[BlackElo "2036"]
[PlyCount "97"]
[EventDate "2018.07.28"]

1. e4 e6 2. d4 d6 3. Nf3 Nf6 4. Nc3 Nc6 5. Be2 g6 6. O-O Bg7 7. Bg5 h6 8. Be3
Ng4 9. Bc1 e5 10. d5 Ne7 11. h3 Nf6 12. Be3 g5 13. Nh2 Ng6 14. Ng4 Nh7 15. Bb5+
Kf8 16. Be2 Nf4 17. Bxf4 gxf4 18. Nh2 Nf6 19. Ng4 Nxe4 20. Nxe4 f5 21. Bf3 fxe4
22. Bxe4 Qg5 23. Qf3 Ke7 24. c4 b6 25. b4 a5 26. a3 Bd7 27. Rfc1 Kd8 28. c5
bxc5 29. bxc5 dxc5 30. Rxc5 Bf8 31. Rxc7 Kxc7 32. d6+ Bxd6 33. Bxa8 Rb8 34.
Rc1+ Kd8 35. Rd1 Rb6 36. Qd5 Bxg4 37. hxg4 Qxg4 38. Re1 Qg7 39. Qxa5 Qc7 40.
Bf3 Ke7 41. Bh5 Rb8 42. Qd5 Kf6 43. a4 Bb4 44. Rd1 Rb6 45. Qe4 Kg5 46. Be2 Bc3
47. Qf3 Kf6 48. Qh5 Kg7 49. Qg4+ 1-0

[Event "MCR senioru 2018 nad 60 let"]
[Site "Pelclovo divadlo Rychnov nad K"]
[Date "2018.07.28"]
[Round "1"]
[White "Drabek, Miloslav"]
[Black "Lepik, Jaroslav"]
[Result "1-0"]
[WhiteElo "2027"]
[BlackElo "1792"]
[PlyCount "53"]
[EventDate "2018.07.28"]

1. d4 Nf6 2. Nf3 d5 3. c4 c6 4. Nbd2 Bf5 5. Nh4 Bg4 6. h3 Bh5 7. g4 Bg6 8. Qb3
Qd7 9. Nxg6 hxg6 10. g5 dxc4 11. Nxc4 b5 12. Ne5 Qd5 13. gxf6 Qxb3 14. axb3
gxf6 15. Nd3 Rh4 16. Be3 a5 17. Bg2 e5 18. dxe5 fxe5 19. Nxe5 Bb4+ 20. Kf1 Ra6
21. Rc1 c5 22. Bxc5 Re6 23. Bxb4 Rxb4 24. Nd3 Rd4 25. Rc8+ Rd8 26. Rxd8+ Kxd8
27. Bd5 1-0

[Event "MCR senioru 2018 nad 60 let"]
[Site "Pelclovo divadlo Rychnov nad K"]
[Date "2018.07.28"]
[Round "1"]
[White "Jindrasek, Mojmir"]
[Black "Vlacil, Vladimir"]
[Result "1/2-1/2"]
[WhiteElo "1789"]
[BlackElo "2007"]
[PlyCount "81"]
[EventDate "2018.07.28"]

1. d4 Nf6 2. c4 g6 3. Nc3 Bg7 4. e4 d6 5. Nf3 O-O 6. Be2 Nbd7 7. h3 e5 8. dxe5
dxe5 9. Be3 c6 10. O-O Qe7 11. Qc2 Nh5 12. Rfd1 Nf4 13. Bf1 Nc5 14. b4 Nce6 15.
Rab1 f5 16. exf5 Rxf5 17. Nh2 Nd4 18. Bxd4 exd4 19. Ne4 Rf8 20. Ng3 Qf7 21. Rd2
Be6 22. f3 Rad8 23. Ne4 Bf5 24. Ng4 h5 25. Ngf2 Bh6 26. Rdd1 Rfe8 27. a3 Ne6
28. Bd3 Be3 29. Kh1 Nf4 30. Ng3 Bxf2 31. Nxf5 gxf5 32. Qxf2 Qg7 33. c5 Kh8 34.
Rb2 Re3 35. Bxf5 Rxa3 36. Qh4 Qc7 37. Qf6+ Kg8 38. Rxd4 Rxd4 39. Qxd4 Ra1+ 40.
Rb1 Rxb1+ 41. Bxb1 1/2-1/2

[Event "MCR senioru 2018 nad 60 let"]
[Site "Pelclovo divadlo Rychnov nad K"]
[Date "2018.07.28"]
[Round "1"]
[White "Hastik, Svatopluk"]
[Black "Mares, Ilja"]
[Result "1/2-1/2"]
[WhiteElo "2000"]
[BlackElo "1786"]
[PlyCount "68"]
[EventDate "2018.07.28"]

1. d4 Nf6 2. c4 g6 3. d5 c6 4. Nc3 d6 5. g3 Bg7 6. Bg2 cxd5 7. cxd5 O-O 8. e4
Nbd7 9. Nf3 Nc5 10. Qc2 b6 11. Be3 Ba6 12. Rc1 Rc8 13. Qb1 Ng4 14. Bd4 Bxd4 15.
Nxd4 Ne5 16. Bf1 Qd7 17. h3 Bxf1 18. Kxf1 Na4 19. Nxa4 Qxa4 20. Kg2 Qd7 21.
Rhe1 g5 22. Re3 Kh8 23. f3 Rg8 24. b4 Rxc1 25. Qxc1 Qa4 26. a3 a5 27. Rc3 axb4
28. Rc8 h6 29. axb4 Qxb4 30. Nf5 Rxc8 31. Qxc8+ Kh7 32. Qc1 Ng6 33. Qc2 Qe1 34.
Qc6 Qa1 {necitelny zapis} 1/2-1/2

[Event "MCR senioru 2018 nad 60 let"]
[Site "Pelclovo divadlo Rychnov nad K"]
[Date "2018.07.28"]
[Round "1"]
[White "Vlcek, Antonin"]
[Black "Salac, Jiri"]
[Result "1/2-1/2"]
[WhiteElo "1760"]
[BlackElo "1977"]
[PlyCount "81"]
[EventDate "2018.07.28"]

1. e4 c5 2. Nf3 d6 3. d4 cxd4 4. Nxd4 Nf6 5. Nc3 a6 6. Bg5 e6 7. Qd2 Be7 8. f3
Nbd7 9. O-O-O Qc7 10. h4 h6 11. Be3 Ne5 12. g4 Bd7 13. g5 hxg5 14. Bxg5 O-O-O
15. f4 Nc6 16. Bg2 Nxd4 17. Qxd4 Bc6 18. Rh3 Ne8 19. Bxe7 Qxe7 20. h5 Qf6 21.
e5 dxe5 22. Qxd8+ Qxd8 23. Rxd8+ Kxd8 24. Bxc6 bxc6 25. fxe5 f6 26. exf6 Nxf6
27. Ne2 Rxh5 28. Rd3+ Rd5 29. Nf4 Rxd3 30. cxd3 Ke7 31. Kc2 g5 32. Ng6+ Kd6 33.
d4 g4 34. Kd3 Nd5 35. a3 Nf6 36. Ke3 a5 37. b3 Nh5 38. Ne5 g3 39. Nc4+ Kd5 40.
Nb6+ Kd6 41. Nc4+ 1/2-1/2

[Event "MCR senioru 2018 nad 60 let"]
[Site "Pelclovo divadlo Rychnov nad K"]
[Date "2018.07.29"]
[Round "2"]
[White "Humlicek, Vojtech"]
[Black "Shilov, Sergej"]
[Result "0-1"]
[WhiteElo "1879"]
[BlackElo "2199"]
[PlyCount "108"]
[EventDate "2018.07.28"]

1. e4 e5 2. Nf3 Nc6 3. Bb5 f5 4. Nc3 Nf6 5. Qe2 Nd4 6. Nxd4 exd4 7. exf5+ Be7
8. Ne4 O-O 9. O-O Nxe4 10. Qxe4 d5 11. Qxd4 Bxf5 12. d3 c5 13. Qc3 a6 14. Ba4
b5 15. Bb3 Rc8 16. a4 c4 17. dxc4 bxc4 18. Ba2 Kh8 19. Be3 Bf6 20. Bd4 Bxd4 21.
Qxd4 Bxc2 22. Bb1 Bb3 23. Re1 Qf6 24. Qxf6 Rxf6 25. Rc1 Rcf8 26. f3 Re6 27. Bc2
Re2 28. Bxb3 cxb3 29. Rab1 h6 30. Rd1 Rc8 31. Rd3 Rcc2 32. Rxb3 Rxg2+ 33. Kh1
Rxh2+ 34. Kg1 Rcd2 35. Rb6 d4 36. b4 d3 37. Rd6 Rdg2+ 38. Kf1 Ra2 39. Kg1 Rhb2
40. Rxb2 Rxb2 41. b5 axb5 42. axb5 Rxb5 43. Rxd3 Rb2 44. Rd4 Kh7 45. Re4 Kg6
46. Rc4 Kf5 47. Ra4 g5 48. Rc4 h5 49. Ra4 Rd2 50. Rc4 Ke5 51. Ra4 Rd4 52. Ra3
Kf4 53. Kg2 Rd2+ 54. Kf1 h4 0-1

[Event "MCR senioru 2018 nad 60 let"]
[Site "Pelclovo divadlo Rychnov nad K"]
[Date "2018.07.29"]
[Round "2"]
[White "Gibiec, Ernest"]
[Black "Majerik, Vladimir"]
[Result "1-0"]
[WhiteElo "2175"]
[BlackElo "1869"]
[PlyCount "87"]
[EventDate "2018.07.28"]

1. d4 d5 2. c4 c6 3. Nc3 Nf6 4. cxd5 cxd5 5. Bf4 Nc6 6. e3 Bf5 7. Rc1 e6 8. Qb3
Qb6 9. Qxb6 axb6 10. Bb5 Rc8 11. Nf3 Be7 12. Na4 Nd7 13. Ne5 Ndxe5 14. Bxe5 Bd8
15. Bxg7 Rg8 16. Be5 f6 17. Bg3 Kf7 18. Ke2 Ra8 19. f3 e5 20. Rhd1 exd4 21.
exd4 Ra5 22. Nc3 Bd7 23. Kf2 Re8 24. a4 Be6 25. Ne2 Re7 26. b3 Nb4 27. Bd6 Nc6
28. Bxc6 bxc6 29. Bxe7 Kxe7 30. Rxc6 Bd7 31. Rc3 Kf7 32. g4 f5 33. Kg3 Be7 34.
h3 Bd6+ 35. f4 b5 36. axb5 Bxb5 37. Ng1 fxg4 38. hxg4 Ra8 39. Nf3 Rg8 40. Rh1
Rg7 41. Rh6 Be7 42. Rb6 Be8 43. Ne5+ Kg8 44. Rc8 1-0

[Event "MCR senioru 2018 nad 60 let"]
[Site "Pelclovo divadlo Rychnov nad K"]
[Date "2018.07.29"]
[Round "2"]
[White "Vavruska, Antonin"]
[Black "Vlachopulos, Georgis"]
[Result "0-1"]
[WhiteElo "2044"]
[BlackElo "1856"]
[PlyCount "73"]
[EventDate "2018.07.28"]

1. e4 d6 2. d4 c6 3. Bd3 Qc7 4. f4 e5 5. c3 Nf6 6. Nf3 Bg4 7. Be3 Nbd7 8. Nbd2
Be7 9. h3 exf4 10. Bxf4 Bh5 11. Qe2 O-O-O 12. O-O-O h6 13. g4 Bg6 14. Kb1 Nb6
15. Rhe1 Rhe8 16. Qf2 Qd7 17. Nh4 Bh7 18. Nf5 Bf8 19. Bc2 h5 20. g5 Nxe4 21.
Nxe4 Bxf5 22. h4 d5 23. Nc5 Bxc5 24. dxc5 Bxc2+ 25. Qxc2 Nc4 26. Ka1 Qg4 27.
Bc1 g6 28. b3 Ne5 29. Rd4 Qg3 30. Red1 Nf3 31. Ra4 Re1 32. Rxa7 Nxh4 33. Ra8+
Kd7 34. Ra7 Rde8 35. Rxb7+ Kc8 36. Rxe1 Qxe1 37. Rxf7 0-1

[Event "MCR senioru 2018 nad 60 let"]
[Site "Pelclovo divadlo Rychnov nad K"]
[Date "2018.07.29"]
[Round "2"]
[White "Kotyza, Bohumil"]
[Black "Pospisil, Evzen"]
[Result "1/2-1/2"]
[WhiteElo "1871"]
[BlackElo "2043"]
[PlyCount "29"]
[EventDate "2018.07.28"]

1. d4 Nf6 2. Nf3 e6 3. Bf4 c5 4. c3 cxd4 5. cxd4 Qb6 6. Qc1 Nc6 7. e3 Nh5 8.
Bg3 Nxg3 9. hxg3 Be7 10. Nbd2 d5 11. a3 Bd7 12. Bd3 Rc8 13. Qb1 f5 14. b4 Bf6
15. Qd1 1/2-1/2

[Event "MCR senioru 2018 nad 60 let"]
[Site "Pelclovo divadlo Rychnov nad K"]
[Date "2018.07.29"]
[Round "2"]
[White "Sedlacek, Jan"]
[Black "Drabek, Miloslav"]
[Result "1/2-1/2"]
[WhiteElo "1860"]
[BlackElo "2027"]
[PlyCount "45"]
[EventDate "2018.07.28"]

1. e4 d6 2. d4 Nf6 3. Nc3 g6 4. h3 Bg7 5. Nf3 O-O 6. Bd3 Nc6 7. O-O e5 8. dxe5
Nxe5 9. Nxe5 dxe5 10. Be3 c6 11. Qe2 Qe7 12. a3 Be6 13. Bc4 b6 14. Rfd1 Rfd8
15. Bxe6 Qxe6 16. Qa6 Qe7 17. Qc4 Qb7 18. Rd3 Bf8 19. Rad1 Be7 20. Rxd8+ Rxd8
21. Rxd8+ Bxd8 22. Qd3 Qd7 23. Bg5 1/2-1/2

[Event "MCR senioru 2018 nad 60 let"]
[Site "Pelclovo divadlo Rychnov nad K"]
[Date "2018.07.29"]
[Round "2"]
[White "Sveda, Jiri"]
[Black "Horak, Vladimir"]
[Result "1-0"]
[WhiteElo "1857"]
[BlackElo "1958"]
[PlyCount "79"]
[EventDate "2018.07.28"]

1. e4 e6 2. Qe2 Be7 3. Nf3 c5 4. g3 b6 5. Bg2 Bb7 6. O-O d5 7. d3 Nf6 8. e5
Nfd7 9. c3 Nc6 10. Re1 Qc7 11. Na3 a6 12. h4 O-O 13. Bf4 Rae8 14. Bh3 Qb8 15.
Nc2 Bd8 16. d4 Bc7 17. Ne3 f6 18. Nxd5 Ndxe5 19. Nxf6+ gxf6 20. dxe5 f5 21.
Rad1 Ne7 22. Ng5 Nd5 23. Qh5 Re7 24. Kh2 Qe8 25. Qe2 Qa4 26. c4 Nxf4 27. gxf4
h6 28. b3 Qe8 29. Nf3 Bxf3 30. Qxf3 Rff7 31. h5 Rg7 32. Rg1 Rxg1 33. Rxg1+ Rg7
34. Rxg7+ Kxg7 35. Qb7 Qd8 36. Qg2+ Kf8 37. Qg6 Qd2 38. Qf6+ Ke8 39. Qxe6+ Kd8
40. Qd5+ 1-0

[Event "MCR senioru 2018 nad 60 let"]
[Site "Pelclovo divadlo Rychnov nad K"]
[Date "2018.07.29"]
[Round "2"]
[White "Krolop, Petr"]
[Black "Novotny, Jaroslav"]
[Result "0-1"]
[WhiteElo "1854"]
[BlackElo "1936"]
[PlyCount "78"]
[EventDate "2018.07.28"]

1. e4 c5 2. Nf3 d6 3. d4 cxd4 4. Nxd4 Nf6 5. Nc3 a6 6. Bc4 e6 7. Bb3 Be7 8. O-O
O-O 9. Be3 Nc6 10. f4 Na5 11. Qf3 Nxb3 12. axb3 Qc7 13. Qg3 Bd7 14. Rad1 b5 15.
e5 Nh5 16. Qg4 g6 17. f5 dxe5 18. fxg6 hxg6 19. Nf3 Rad8 20. Bh6 Ng7 21. Ne4
Bc6 22. Rde1 Bxe4 23. Qxe4 Rd5 24. Bxg7 Kxg7 25. Nxe5 Bd6 26. Nf3 Rh8 27. h3
Bc5+ 28. Kh1 Qg3 29. Re2 Rf5 30. Rd1 Rxf3 31. Qe5+ Qxe5 32. Rxe5 Rf5 33. Re2
Rd5 34. Ra1 Rd6 35. c4 Rhd8 36. Rc1 Rd1+ 37. Rxd1 Rxd1+ 38. Kh2 Bd6+ 39. g3 Rd3
0-1

[Event "MCR senioru 2018 nad 60 let"]
[Site "Pelclovo divadlo Rychnov nad K"]
[Date "2018.07.29"]
[Round "2"]
[White "Kubala, Karel"]
[Black "Becvar, Miroslav"]
[Result "1-0"]
[WhiteElo "1932"]
[BlackElo "1853"]
[PlyCount "107"]
[EventDate "2018.07.28"]

1. d4 e6 2. Nf3 d5 3. g3 Nf6 4. Bg2 c5 5. O-O Nc6 6. Nc3 cxd4 7. Nxd4 Nxd4 8.
Qxd4 Be7 9. Rd1 O-O 10. e4 dxe4 11. Nxe4 Qxd4 12. Rxd4 e5 13. Nxf6+ Bxf6 14.
Rd1 Rb8 15. a4 b6 16. Be3 Rd8 17. Rxd8+ Bxd8 18. Bd5 Bf5 19. Rc1 Kf8 20. b4 Rc8
21. c4 Ke7 22. c5 Bd7 23. c6 Be6 24. Bxe6 Kxe6 25. b5 Bc7 26. Kf1 Rd8 27. Ke2
e4 28. h4 f6 29. Rc4 f5 30. Bg5 Rd3 31. Be3 g6 32. Rc2 Rd5 33. Rd2 Rxd2+ 34.
Kxd2 Be5 35. Kc2 Bd6 36. Kb3 Be5 37. Kc4 Bd6 38. Bd4 Bc7 39. a5 Bd8 40. axb6
axb6 41. Be3 Bc7 42. Kc3 Be5+ 43. Kd2 Bc7 44. Bh6 Kd5 45. Ke3 Bd6 46. Bf4 Bc5+
47. Ke2 Ke6 48. f3 exf3+ 49. Kxf3 Bb4 50. Be3 Ba5 51. Kf4 Kd6 52. Kg5 Be1 53.
Bf4+ Ke6 54. Kh6 1-0

[Event "MCR senioru 2018 nad 60 let"]
[Site "Pelclovo divadlo Rychnov nad K"]
[Date "2018.07.29"]
[Round "2"]
[White "Feco, Jan"]
[Black "Vagner, Ladislav"]
[Result "0-1"]
[WhiteElo "1846"]
[BlackElo "1928"]
[PlyCount "112"]
[EventDate "2018.07.28"]

1. Nc3 Nf6 2. e4 d6 3. d4 c6 4. h3 Qc7 5. Nf3 e5 6. a3 Be7 7. Be2 Nbd7 8. O-O
O-O 9. Be3 a6 10. dxe5 dxe5 11. Bc4 b5 12. Bb3 a5 13. Nd2 Bb7 14. f3 Nc5 15.
Ne2 Nxb3 16. Nxb3 c5 17. Ng3 c4 18. Nc1 Rfe8 19. c3 Rad8 20. Qe1 g6 21. Qf2 Rd7
22. Kh2 Bf8 23. Nce2 Re6 24. Rfd1 Red6 25. Re1 Qc6 26. h4 h5 27. Nf1 Rd3 28.
Bg5 Nh7 29. Be3 Qf6 30. Nc1 R3d6 31. Ne2 Be7 32. g3 Qe6 33. Ng1 Rd3 34. Re2 Nf6
35. Rae1 Bd6 36. Qg2 b4 37. axb4 axb4 38. Nh3 bxc3 39. Nf2 c2 40. Nxd3 cxd3 41.
Rf2 Bb4 42. Ra1 Qb3 43. Bc1 Be1 44. Nd2 Qb6 45. Rf1 Bxd2 46. Qxd2 Kg7 47. Ra3
Qd4 48. Re1 Bc6 49. Re3 Bxe4 50. Rxe4 Nxe4 51. fxe4 Qxe4 52. Ra5 Qd4 53. Rb5 e4
54. Qf4 d2 55. Rxh5 dxc1=Q 56. Qxc1 Qd2+ 0-1

[Event "MCR senioru 2018 nad 60 let"]
[Site "Pelclovo divadlo Rychnov nad K"]
[Date "2018.07.29"]
[Round "2"]
[White "Pavlis, Jaromir"]
[Black "Pittermann, Jan"]
[Result "1/2-1/2"]
[WhiteElo "1927"]
[BlackElo "1801"]
[PlyCount "42"]
[EventDate "2018.07.28"]

1. e4 c5 2. Nc3 Nc6 3. f4 d6 4. Nf3 g6 5. Bb5 Bd7 6. O-O Bg7 7. d3 Nd4 8. Bxd7+
Qxd7 9. Nd5 e6 10. Ne3 Ne7 11. c3 Ndc6 12. Kh1 O-O 13. Qe1 d5 14. Nc2 dxe4 15.
dxe4 Qd3 16. Na3 Rad8 17. Ng1 Qd7 18. Be3 b6 19. Rd1 Qc8 20. Qe2 Rxd1 21. Rxd1
Rd8 1/2-1/2

[Event "MCR senioru 2018 nad 60 let"]
[Site "Pelclovo divadlo Rychnov nad K"]
[Date "2018.07.30"]
[Round "3"]
[White "Shilov, Sergej"]
[Black "Kohout, Jan"]
[Result "1-0"]
[WhiteElo "2199"]
[BlackElo "1914"]
[PlyCount "89"]
[EventDate "2018.07.28"]

1. c4 c5 2. Nc3 Nc6 3. g3 b6 4. Bg2 Bb7 5. Nf3 e6 6. O-O Nf6 7. d4 Nxd4 8. Nxd4
Bxg2 9. Kxg2 cxd4 10. Qxd4 Bc5 11. Qd3 O-O 12. e4 d6 13. Bf4 h6 14. Rad1 e5 15.
Bc1 Qe7 16. h3 Qb7 17. f3 a6 18. a3 a5 19. g4 Nh7 20. h4 Qe7 21. Rh1 Rac8 22.
a4 Rfd8 23. Ne2 Nf8 24. Ng3 Ne6 25. g5 Nd4 26. Be3 Ne6 27. Nf5 Qf8 28. Bc1 h5
29. Rhf1 g6 30. Nh6+ Kg7 31. f4 exf4 32. Bxf4 Bd4 33. Be3 Bxb2 34. Rxf7+ Qxf7
35. Nxf7 Kxf7 36. Qd5 Ke7 37. Qb7+ Rc7 38. Qxb6 Be5 39. c5 dxc5 40. Rxd8 Nxd8
41. Bxc5+ Kf7 42. Bd4 Rc2+ 43. Kf1 Rc1+ 44. Ke2 Bxd4 45. Qxd4 1-0

[Event "MCR senioru 2018 nad 60 let"]
[Site "Pelclovo divadlo Rychnov nad K"]
[Date "2018.07.30"]
[Round "3"]
[White "Sedlak, Ludek"]
[Black "Gibiec, Ernest"]
[Result "0-1"]
[WhiteElo "1898"]
[BlackElo "2175"]
[PlyCount "108"]
[EventDate "2018.07.28"]

1. e4 d6 2. d4 Nf6 3. Nc3 g6 4. Be3 Bg7 5. Qd2 Ng4 6. Bg5 h6 7. Bh4 g5 8. Bg3
e5 9. Nge2 h5 10. h3 h4 11. hxg4 hxg3 12. Rxh8+ Bxh8 13. f3 exd4 14. Nxd4 Be5
15. Bc4 Nc6 16. Nde2 Be6 17. Nd5 Kd7 18. O-O-O Nd4 19. c3 Nxe2+ 20. Qxe2 c6 21.
Ne3 Bf4 22. Bxe6+ fxe6 23. Rh1 Qg8 24. Kb1 Qg7 25. Nc2 Rh8 26. Rxh8 Qxh8 27.
Qf1 Kc7 28. Nd4 Qh6 29. Ne2 Be5 30. Qe1 Qh2 31. Qg1 c5 32. Qf1 Qh7 33. Qe1 a6
34. c4 Qh8 35. Qc1 Qh2 36. Qf1 Kd7 37. Nc1 Bd4 38. Nd3 b5 39. b3 Bh8 40. cxb5
axb5 41. Ne1 Bc3 42. Nc2 Ke7 43. Ne3 Bd4 44. Nc2 Be5 45. Na3 b4 46. Nc4 Bf4 47.
Nb2 Qh8 48. Nd3 Be3 49. e5 d5 50. Qe1 Bd4 51. Qxg3 Qh7 52. Kc2 c4 53. bxc4 dxc4
54. f4 gxf4 0-1

[Event "MCR senioru 2018 nad 60 let"]
[Site "Pelclovo divadlo Rychnov nad K"]
[Date "2018.07.30"]
[Round "3"]
[White "Novotny, Jaroslav"]
[Black "Sveda, Jiri"]
[Result "1-0"]
[WhiteElo "1936"]
[BlackElo "1857"]
[PlyCount "95"]
[EventDate "2018.07.28"]

1. e4 e6 2. d4 b6 3. Bd3 Bb7 4. Nf3 g6 5. Bg5 Be7 6. Be3 d6 7. O-O Nd7 8. c4
Ngf6 9. Nc3 c5 10. d5 exd5 11. exd5 O-O 12. h3 Ne5 13. Nxe5 dxe5 14. f4 exf4
15. Bxf4 Nh5 16. Bh6 Ng7 17. Qd2 f5 18. Rae1 Bc8 19. Bf4 a6 20. a4 Bd6 21. Bxd6
Qxd6 22. Qf4 Qxf4 23. Rxf4 Re8 24. Rff1 Bd7 25. Kf2 Kf7 26. b3 Rab8 27. g3 Rxe1
28. Rxe1 Ne8 29. h4 Nd6 30. Re3 b5 31. axb5 axb5 32. cxb5 Nxb5 33. Na4 Nd6 34.
Nxc5 Bc8 35. Bc4 Ra8 36. Kf3 Ra5 37. Ne6 Ne4 38. Ng5+ Nxg5+ 39. hxg5 Bb7 40.
Re5 Ba6 41. Ke3 Bxc4 42. bxc4 Ra3+ 43. Kd4 Rxg3 44. d6 Rg1 45. Kc5 f4 46. Kc6
f3 47. d7 Rd1 48. Re3 1-0

[Event "MCR senioru 2018 nad 60 let"]
[Site "Pelclovo divadlo Rychnov nad K"]
[Date "2018.07.30"]
[Round "3"]
[White "Bednar, Jiri"]
[Black "Kubala, Karel"]
[Result "0-1"]
[WhiteElo "1888"]
[BlackElo "1932"]
[PlyCount "118"]
[EventDate "2018.07.28"]

1. e4 e6 2. d4 d5 3. Nd2 c5 4. c3 cxd4 5. cxd4 dxe4 6. Nxe4 Bb4+ 7. Nc3 Nf6 8.
Nf3 O-O 9. Be2 Nc6 10. Be3 Qa5 11. Qb3 Rd8 12. O-O h6 13. Rac1 Be7 14. Rfd1 a6
15. Na4 Qd5 16. Qxd5 Nxd5 17. Nc5 Bf6 18. Ne4 Nce7 19. Nxf6+ Nxf6 20. Ne5 Nfd5
21. Bd3 f6 22. Nf3 Bd7 23. Bd2 Bc6 24. Re1 Kf7 25. Re2 Rd7 26. Rce1 Nc7 27. Be4
Bxe4 28. Rxe4 Nc6 29. g4 g5 30. Bc3 Ne7 31. R4e2 Rc8 32. h4 Ned5 33. hxg5 hxg5
34. Bd2 Rd6 35. Rc1 Ne7 36. Bb4 Rd7 37. Bxe7 Kxe7 38. Rec2 Kd8 39. Kg2 Rb8 40.
Rh1 Ke7 41. Rh7+ Kd6 42. Rxd7+ Kxd7 43. Nd2 Nd5 44. Ne4 b6 45. a3 Rb7 46. Kf3
Ke7 47. Ke2 Rc7 48. Rxc7+ Nxc7 49. Kd3 Nb5 50. Nd2 Nd6 51. Ke3 Kd7 52. f4 gxf4+
53. Kxf4 Kc6 54. Nb1 Kd5 55. Ke3 Nc4+ 56. Kd3 Nxb2+ 57. Kc2 Nc4 58. Kd3 b5 59.
a4 Nb2+ 0-1

[Event "MCR senioru 2018 nad 60 let"]
[Site "Pelclovo divadlo Rychnov nad K"]
[Date "2018.07.30"]
[Round "3"]
[White "Vagner, Ladislav"]
[Black "Koci, Ladislav"]
[Result "1-0"]
[WhiteElo "1928"]
[BlackElo "1832"]
[PlyCount "82"]
[EventDate "2018.07.28"]

1. d4 Nf6 2. Nf3 g6 3. Nbd2 d5 4. c4 c6 5. cxd5 cxd5 6. g3 Bg7 7. Bg2 O-O 8.
O-O Nc6 9. Nb3 Ne4 10. Bf4 Bg4 11. h3 Bxf3 12. exf3 Nd6 13. Bxd6 Qxd6 14. Qd2
b6 15. Rfd1 Rac8 16. Bf1 a5 17. Bb5 Qf6 18. Kg2 Nb4 19. a3 Nc2 20. Rac1 Nxd4
21. Nxd4 Qxd4 22. Qxd4 Bxd4 23. Rxc8 Rxc8 24. Rxd4 e6 25. Rd2 Kg7 26. f4 Kf6
27. g4 Rc5 28. Bd3 h6 29. h4 b5 30. Rc2 Rxc2 31. Bxc2 e5 32. g5+ hxg5 33. hxg5+
Ke6 34. Kf3 d4 35. Bb3+ Kf5 36. fxe5 Kxe5 37. Bc2 b4 38. axb4 axb4 39. Bd3 Kd5
40. Kf4 Kd6 41. Ke4 f6 1-0

[Event "MCR senioru 2018 nad 60 let"]
[Site "Pelclovo divadlo Rychnov nad K"]
[Date "2018.07.30"]
[Round "3"]
[White "Vlachopulos, Georgis"]
[Black "Vlacil, Vladimir"]
[Result "0-1"]
[WhiteElo "1856"]
[BlackElo "2007"]
[PlyCount "128"]
[EventDate "2018.07.28"]

1. g4 e5 2. Bg2 d5 3. c4 Ne7 4. cxd5 Nxd5 5. Qb3 Nb6 6. Nc3 c6 7. h3 Be6 8. Qc2
h5 9. Nf3 hxg4 10. hxg4 Rxh1+ 11. Bxh1 N8d7 12. g5 Qc7 13. d3 O-O-O 14. Be3 Bb4
15. O-O-O Rh8 16. d4 Nc4 17. Nxe5 Nxe3 18. fxe3 Nxe5 19. dxe5 Qxe5 20. Qd2 Qxg5
21. Kb1 Rd8 22. Qxd8+ Qxd8 23. Rxd8+ Kxd8 24. Nd1 Ke7 25. a3 Be1 26. Kc2 Kf6
27. b4 Ke5 28. Nb2 Bh4 29. Nd3+ Kd6 30. Nc5 Bc8 31. Kd3 b6 32. Ne4+ Ke5 33. Nc3
Bf5+ 34. Kc4 Be6+ 35. Kd3 Bd7 36. e4 Be1 37. Nd1 a5 38. Ne3 Be6 39. Nc2 Bf2 40.
bxa5 bxa5 41. e3 c5 42. Ke2 Bh4 43. a4 Be7 44. Ne1 Kd6 45. Nd3 c4 46. e5+ Kc7
47. Nf4 Bg4+ 48. Kf1 Bb4 49. Nd5+ Kd8 50. Be4 Bd1 51. Nxb4 axb4 52. Ke1 Bxa4
53. Bd5 Bb5 54. Bxf7 Ke7 55. Bd5 g5 56. Kd1 g4 57. Kc1 g3 58. Kc2 Ba4+ 59. Kc1
c3 60. e6 Bb3 61. Bg2 Kxe6 62. Kb1 Bd5 63. e4 Bc4 64. Kc2 Ke5 0-1